[Event "18th American Continental"]
[Site "Foz do Iguacu BRA"]
[Date "2025.05.25"]
[Round "4.69"]
[White "Ferreira, Henrique Camara"]
[Black "Pessoa, Marcio de Souza"]
[Result "1-0"]
[WhiteElo "2188"]
[BlackElo "1912"]
[WhiteFideId "2108011"]
[BlackFideId "2127180"]
[EventDate "2025.05.23"]

1. d4 e6 2. c4 f5 3. e3 Nf6 4. Bd3 d5 5. Ne2 c6 6. b3 Bd6 7. f4 O-O 8. Nbc3 Ne4
9. Nxe4 fxe4 10. Bc2 Qh4+ 11. g3 Qh3 12. Qd2 b5 13. c5 Bc7 14. Ng1 Qh6 15. Bd1
a5 16. a3 Nd7 17. h4 Qf6 18. Bb2 e5 19. Be2 exf4 20. gxf4 Qg6 21. O-O-O Nf6 22.
Nh3 Bg4 23. Rdg1 Qf5 24. Nf2 Bxe2 25. Qxe2 Qh5 26. Qxh5 Nxh5 27. Rg2 a4 28. Kc2
axb3+ 29. Kxb3 Bd8 30. Ng4 Bf6 31. Nh6+ Kh8 32. Nf5 Bd8 33. Nd6 Be7 34. Bc3 Bxd6
35. cxd6 Rfd8 36. Bb4 g6 37. Rc2 Ra6 38. Rhc1 Rc8 39. Rc5 Nf6 40. Rxb5 Rd8 41.
Rb7 Ng4 42. d7 Nxe3 43. Be7 Rda8 44. d8=Q+ Rxd8 45. Bxd8 Nc4 46. Rxc4 dxc4+ 47.
Kxc4 Rxa3 48. Rb3 Ra4+ 49. Kc5 Kg7 50. Re3 Ra8 51. Bc7 Ra6 52. Rxe4 Kf6 53. Re5
h5 54. Bb6 1-0

[Event "18th American Continental"]
[Site "Foz do Iguacu BRA"]
[Date "2025.05.25"]
[Round "4.70"]
[White "Morales Flores, Monserrat"]
[Black "Requejo Cotrina, Oswaldo Valentin"]
[Result "0-1"]
[WhiteTitle "WCM"]
[BlackTitle "FM"]
[WhiteElo "1919"]
[BlackElo "2184"]
[WhiteFideId "3412016"]
[BlackFideId "3800423"]
[EventDate "2025.05.23"]

1. e4 e5 2. Nf3 Nc6 3. Bc4 Nf6 4. d3 Be7 5. c3 O-O 6. Nbd2 d5 7. Bb3 Re8 8. h3
Bf8 9. O-O Na5 10. Ba4 c6 11. Re1 b5 12. Bc2 c5 13. d4 Bb7 14. dxe5 Nxe4 15. Qe2
f5 16. Nf1 Nc4 17. Ne3 Qd7 18. Nxc4 bxc4 19. Bf4 h6 20. h4 Qe6 21. Nd2 Be7 22.
Nxe4 fxe4 23. Bg3 Rf8 24. Rad1 Bd8 25. Qe3 Bb6 26. Kh2 Rad8 27. Qe2 Bc7 28. f4
g5 29. hxg5 hxg5 30. Qh5 Rf5 31. fxg5 Rd7 32. Kg1 Rh7 33. Qe2 Rxg5 34. Bh2 Bxe5
35. Bxe5 Rxe5 36. Rf1 Reh5 37. Rf3 Qg6 38. Kf1 Rh1+ 39. Kf2 exf3 40. Bxg6 fxe2
41. Bxh7+ Rxh7 42. Kxe2 Rf7 43. Rh1 d4 44. cxd4 cxd4 45. Rh6 d3+ 46. Kd2 Rf2+
47. Kc3 Bxg2 0-1

[Event "18th American Continental"]
[Site "Foz do Iguacu BRA"]
[Date "2025.05.25"]
[Round "4.71"]
[White "Almeida Junior, Alvaro Alves de"]
[Black "Mayeregger Gonzalez, Renata Valentina"]
[Result "1-0"]
[BlackTitle "WCM"]
[WhiteElo "2179"]
[BlackElo "1905"]
[WhiteFideId "2149974"]
[BlackFideId "3708900"]
[EventDate "2025.05.23"]

1. d4 c5 2. e4 e6 3. Nf3 d5 4. exd5 exd5 5. Bb5+ Bd7 6. Bxd7+ Qxd7 7. O-O Nc6 8.
Re1+ Be7 9. dxc5 O-O-O 10. b4 Nxb4 11. Ne5 Qf5 12. c3 Bxc5 13. cxb4 Bxf2+ 14.
Kh1 Bxe1 15. Qxe1 Re8 16. Bb2 Kb8 17. Na3 Nf6 18. Nb5 Ng4 19. Nd7+ Qxd7 20. Qg3+
Kc8 21. Rc1+ Kd8 22. Bxg7 Re3 23. Qb8+ Ke7 24. Bxh8 Qxb5 25. Bd4 Re4 26. Rc7+
Ke6 27. Qc8+ Kd6 28. Qd8+ Ke6 29. Re7+ Kf5 30. Rxf7+ Kg6 31. Qg8+ Kh5 32. Rf5+ 1-0

[Event "18th American Continental"]
[Site "Foz do Iguacu BRA"]
[Date "2025.05.25"]
[Round "4.72"]
[White "Souza Neto, Hilton Vilarim De"]
[Black "Fiaes, Mario Henrique Andrade"]
[Result "0-1"]
[WhiteElo "1881"]
[BlackElo "2106"]
[WhiteFideId "2124033"]
[BlackFideId "2108690"]
[EventDate "2025.05.23"]

1. d4 Nf6 2. e3 d5 3. Bd3 c5 4. c3 Nc6 5. f4 g6 6. Nf3 Bg7 7. O-O O-O 8. Nbd2 b6
9. Ne5 Nxe5 10. fxe5 Ne8 11. Nf3 f6 12. exf6 Nxf6 13. Bd2 Qc7 14. Be1 Bh6 15.
Qe2 Ng4 16. Bg3 Qd8 17. e4 cxd4 18. cxd4 Be6 19. e5 Ne3 20. Rfe1 Bg4 21. h3 Bh5
22. Rf1 Nxf1 23. Rxf1 Rc8 24. Bf2 Bxf3 25. gxf3 Rc1 26. Rxc1 Bxc1 27. Kg2 e6 28.
h4 Qe7 29. Qc2 Qf7 30. Be2 Bf4 31. b4 g5 32. hxg5 Qh5 33. Bg1 Qxg5+ 34. Kf1 Qg3
35. Qc6 Qg6 36. Bf2 Kh8 37. Ba6 Qb1+ 38. Ke2 Qxa2+ 39. Kd1 Qd2# 0-1

[Event "18th American Continental"]
[Site "Foz do Iguacu BRA"]
[Date "2025.05.25"]
[Round "4.73"]
[White "Prata, Paulo Roberto Santos"]
[Black "Pavoni, Felipe Stevanin"]
[Result "1-0"]
[WhiteElo "2091"]
[BlackElo "1868"]
[WhiteFideId "2185806"]
[BlackFideId "2189097"]
[EventDate "2025.05.23"]

1. e4 c5 2. Nf3 d6 3. d4 cxd4 4. Nxd4 Nf6 5. Nc3 a6 6. Be2 e5 7. Nb3 Be6 8. O-O
Be7 9. f4 exf4 10. Bxf4 Nc6 11. Kh1 O-O 12. Nd4 Ne5 13. Nf5 Bxf5 14. exf5 Qb6
15. Rb1 Rac8 16. g4 h6 17. h4 Qc6+ 18. Kh2 Nh7 19. Qe1 Rfe8 20. Qg3 f6 21. Bf3
Nxf3+ 22. Qxf3 Qxf3 23. Rxf3 Red8 24. Re1 Kf7 25. Rfe3 Bf8 26. Rd3 b5 27. Re2
Rc4 28. Nd5 Re8 29. Red2 g5 30. fxg6+ Kxg6 31. b3 Rce4 32. h5+ Kf7 33. Kg3 Ng5
34. Bxg5 hxg5 35. Rf3 R8e6 36. Nc7 Re7 37. Rdf2 Rf4 38. Nxa6 d5 39. Nc5 Ra7 40.
Nd3 Rxf3+ 41. Kxf3 Rxa2 42. Ke3 Ke6 43. Kd4 Ra1 44. Re2+ Kd6 45. Re8 Bg7 46. Rg8
Ra7 47. Rd8+ Ke7 48. Rxd5 f5+ 49. Ke3 fxg4 50. Rxb5 Ke6 51. Rb6+ Kf5 52. Rb5+
Kf6 53. Ne5 Rc7 54. Nc4 Kf7 55. Rb7 Rxb7 56. Nd6+ Ke6 57. Nxb7 Kd5 58. c4+ Kc6
59. Nd8+ Kd7 60. Nf7 Ke7 61. Nxg5 Bh6 62. Kf4 Bxg5+ 63. Kxg4 Be3 64. Kf3 Bc5 65.
h6 Kf6 66. Ke4 Bf8 67. h7 Kg7 68. Kd5 Kxh7 69. c5 Bh6 70. Ke6 Kg8 71. b4 Kf8 72.
Kd7 Be3 73. c6 Bb6 74. b5 1-0

[Event "18th American Continental"]
[Site "Foz do Iguacu BRA"]
[Date "2025.05.25"]
[Round "4.74"]
[White "Deretti, Lucas Jurk"]
[Black "Carcamo, Matias"]
[Result "0-1"]
[WhiteElo "1862"]
[BlackElo "2077"]
[WhiteFideId "22779825"]
[BlackFideId "115541"]
[EventDate "2025.05.23"]

1. e4 c6 2. d4 d5 3. exd5 cxd5 4. Bd3 Nc6 5. c3 Nf6 6. h3 e5 7. dxe5 Nxe5 8. Nf3
Bd6 9. Nxe5 Bxe5 10. Be3 O-O 11. O-O Re8 12. Nd2 d4 13. cxd4 Bxd4 14. Bxd4 Qxd4
15. Nc4 Qh4 16. Qf3 Be6 17. Ne3 Qd4 18. Bb5 Re7 19. b3 a6 20. Rfd1 Qe4 21. Be2
Rc8 22. Rac1 Rxc1 23. Rxc1 Qe5 24. Bd3 Qb2 25. Rc2 Qa1+ 26. Kh2 Qe5+ 27. Kg1 g6
28. Re2 Qd4 29. Nc2 Qc3 30. Be4 Nxe4 31. Qxe4 Rd7 32. Ne3 Qc1+ 33. Kh2 Qc7+ 34.
Kg1 h5 35. Rc2 Qb8 36. f4 Qd8 37. f5 Rd4 38. Qf3 Bd5 39. Nxd5 Rxd5 40. fxg6 Rd1+
41. Kh2 Qd6+ 42. g3 Rd2+ 43. Rxd2 Qxd2+ 44. Qg2 Qxg2+ 45. Kxg2 fxg6 46. Kf3 Kf7
47. Kf4 Kf6 48. h4 b6 49. a3 g5+ 50. hxg5+ Kg6 51. Kf3 Kxg5 52. Kf2 Kf5 53. Kf3
Ke5 54. Ke3 Kf5 55. Kf2 Ke4 56. Kg2 Kd3 57. Kh3 Kc3 58. b4 Kb3 59. Kh4 Kxa3 60.
Kxh5 Kxb4 61. g4 a5 62. g5 a4 63. g6 a3 64. g7 a2 65. g8=Q a1=Q 66. Qg4+ Ka5 67.
Qg5+ b5 68. Qd8+ Kb4 69. Qd6+ Kc4 0-1

[Event "18th American Continental"]
[Site "Foz do Iguacu BRA"]
[Date "2025.05.25"]
[Round "4.75"]
[White "Mayeregger Gonzalez, Fiorella Allegra"]
[Black "Guimaraes, Marcelo Cunha"]
[Result "1-0"]
[WhiteTitle "WCM"]
[WhiteElo "1867"]
[BlackElo "2064"]
[WhiteFideId "3708845"]
[BlackFideId "2118068"]
[EventDate "2025.05.23"]

1. e4 c5 2. Nf3 d6 3. d4 cxd4 4. Nxd4 Nf6 5. Nc3 a6 6. Be2 e6 7. Be3 Qc7 8. Qd2
b5 9. f4 Bb7 10. Bf3 Nbd7 11. O-O Be7 12. a3 O-O 13. Kh1 Rac8 14. g4 Nc5 15. Qg2
Rfd8 16. g5 Nfd7 17. f5 Ne5 18. g6 hxg6 19. fxe6 Nxe6 20. Nxe6 fxe6 21. Bg4 Qd7
22. Bh3 Rc4 23. Kg1 Rdc8 24. Rad1 Bf8 25. Rf2 Re8 26. Nd5 Qd8 27. Bg5 Qa5 28.
Ne7+ Bxe7 29. Bxe6+ 1-0

[Event "18th American Continental"]
[Site "Foz do Iguacu BRA"]
[Date "2025.05.25"]
[Round "4.76"]
[White "Luz, Jhonatan Rodrigues Da"]
[Black "Izquierdo, Daniel"]
[Result "0-1"]
[BlackTitle "FM"]
[WhiteElo "1858"]
[BlackElo "2053"]
[WhiteFideId "2119501"]
[BlackFideId "3000044"]
[EventDate "2025.05.23"]

1. c4 c5 2. g3 Nc6 3. Bg2 g6 4. Nc3 Bg7 5. Nf3 Nf6 6. O-O O-O 7. d3 d5 8. cxd5
Nxd5 9. Bd2 Nc7 10. Rc1 Rb8 11. a3 b6 12. Qc2 Bg4 13. e3 Qd7 14. Ng5 h6 15. f3
hxg5 16. fxg4 Ne5 17. d4 cxd4 18. Ne4 Ne6 19. Qd1 Nd3 20. Rc2 Rbd8 21. Nxg5 Nxg5
22. e4 Ne6 23. g5 Qd6 24. h4 Qxg3 25. Rf3 Qg4 26. Qf1 Ne5 27. Rh3 Rc8 28. Rc1 d3
29. Kh1 Qe2 30. Bc3 Ng4 31. Kg1 Qxf1+ 32. Bxf1 Bd4+ 33. Kg2 Bxc3 34. bxc3 Nf4+
35. Kg3 d2 36. Rd1 Ne3 37. Rxd2 Nxf1+ 38. Kxf4 Nxd2 0-1

[Event "18th American Continental"]
[Site "Foz do Iguacu BRA"]
[Date "2025.05.25"]
[Round "4.77"]
[White "Medero Mino, Leon"]
[Black "Cordeiro, Marco Aurelio Zaror"]
[Result "1/2-1/2"]
[WhiteElo "1843"]
[BlackElo "2048"]
[WhiteFideId "20027290"]
[BlackFideId "2117991"]
[EventDate "2025.05.23"]

1. c4 e5 2. Nc3 Nf6 3. e3 c5 4. Nf3 Nc6 5. Be2 d5 6. cxd5 Nxd5 7. O-O Nxc3 8.
dxc3 Bd6 9. e4 O-O 10. Be3 Qe7 11. Nd2 Be6 12. Bg4 Rfd8 13. Bxe6 Qxe6 14. Qb3
Qxb3 15. axb3 b6 16. Nc4 Bc7 17. Ra6 Bd6 18. g3 Be7 19. Raa1 Rd7 20. f4 exf4 21.
gxf4 Rad8 22. Kf2 f6 23. Kf3 Kf7 24. e5 fxe5 25. fxe5 Ke6 26. Ke4 Rd5 27. Bf4
Rf8 28. Rad1 Rdd8 29. Ne3 Rxd1 30. Rxd1 h6 31. Nd5 Rc8 32. Nxe7 Kxe7 33. Rd6 Na5
34. e6 Rd8 35. Rxd8 Kxd8 36. b4 cxb4 37. cxb4 Nc4 38. b3 Na3 39. Be5 g6 40. Bg7
h5 41. Bf6+ Ke8 42. Kf4 Nc2 43. Bc3 Ke7 44. Kg5 Kxe6 45. Kxg6 h4 46. Kg5 h3 47.
Kg4 Ne3+ 48. Kxh3 Nd5 49. Bd2 Kf5 50. Kh4 Nf6 51. Be1 Ne4 52. Bg3 Nd2 53. Bb8 a5
54. bxa5 bxa5 55. Bc7 Nxb3 56. Bxa5 1/2-1/2

[Event "18th American Continental"]
[Site "Foz do Iguacu BRA"]
[Date "2025.05.25"]
[Round "4.78"]
[White "Navarro Canete, Facundo Javier"]
[Black "Nunes Jr, Sidney"]
[Result "0-1"]
[WhiteElo "1811"]
[BlackElo "2034"]
[WhiteFideId "3712532"]
[BlackFideId "2128853"]
[EventDate "2025.05.23"]

1. e4 e5 2. Nf3 Nc6 3. d4 exd4 4. Nxd4 Bc5 5. Nb3 Qe7 6. Nc3 Nf6 7. Bd3 d5 8.
Nxc5 Qxc5 9. exd5 Nxd5 10. Nxd5 Qxd5 11. O-O Be6 12. c3 O-O-O 13. Bc2 Qb5 14.
Qf3 Rhe8 15. h3 Ne5 16. Qf4 Qe2 17. Be3 Qxc2 18. Qxe5 Bd5 19. Qf4 g5 20. Qd4 b6
21. Qd1 Qg6 22. Qg4+ f5 23. Qa4 f4 24. Bc1 g4 25. Qxf4 gxh3 26. g3 Kb7 27. Be3
Rf8 28. Qh6 Qg4 29. Rad1 Rf5 30. Rd4 Qf3 31. Rxd5 Qg2# 0-1

[Event "18th American Continental"]
[Site "Foz do Iguacu BRA"]
[Date "2025.05.25"]
[Round "4.79"]
[White "Brand, Lethicia Soethe"]
[Black "Brandao, Renan Alves"]
[Result "0-1"]
[WhiteElo "1799"]
[BlackElo "2032"]
[WhiteFideId "22725458"]
[BlackFideId "2115905"]
[EventDate "2025.05.23"]

1. e4 c5 2. Nf3 d6 3. c3 Nf6 4. Bd3 g6 5. Bc2 Bg7 6. d4 O-O 7. O-O Bg4 8. h3
Bxf3 9. Qxf3 cxd4 10. cxd4 Nc6 11. Rd1 Nd7 12. d5 Nd4 13. Qd3 Ne5 14. Qxd4 Nf3+
15. gxf3 Bxd4 16. Rxd4 Qc8 17. Nc3 Qxh3 18. Bd1 g5 19. Be2 Kh8 20. Rd3 Rg8 21.
f4 gxf4+ 22. Rg3 fxg3 0-1

[Event "18th American Continental"]
[Site "Foz do Iguacu BRA"]
[Date "2025.05.25"]
[Round "4.80"]
[White "Montiel Caceres, Helen"]
[Black "Gomes, Maria Eduarda Papini"]
[Result "0-1"]
[WhiteTitle "WFM"]
[WhiteElo "1980"]
[BlackElo "1858"]
[WhiteFideId "3707121"]
[BlackFideId "2158957"]
[EventDate "2025.05.23"]

1. Nf3 Nf6 2. c4 g6 3. b4 Bg7 4. Bb2 O-O 5. g3 d6 6. Bg2 e5 7. O-O Nbd7 8. d3
Ne8 9. Nc3 f5 10. Nd2 Nef6 11. Qc2 g5 12. Rab1 Kh8 13. c5 dxc5 14. bxc5 c6 15.
Ba3 Ng4 16. Nc4 Qf6 17. Nd6 Rb8 18. Qd2 e4 19. Nd1 exd3 20. exd3 f4 21. h3 Nge5
22. d4 Nf7 23. Nxc8 Rfxc8 24. Bb2 f3 25. Bh1 Qg6 26. Ne3 Qh5 27. Qd1 Qxh3 28.
Bxf3 Nh6 29. Nc4 Nf6 30. Bg2 Qe6 31. Nd6 Rc7 32. Bc1 Nd5 33. Bxg5 Nc3 34. Qd3
Ne2+ 35. Kh1 Nxd4 36. Qd2 Nhf5 37. Bf4 Rd7 38. Rbe1 Qg6 39. Kg1 Nxd6 40. Bxd6
Rbd8 41. Qa5 Nb5 42. Be4 Qf7 43. Bf4 Bc3 44. Qa4 Bxe1 45. Rxe1 Kg8 46. Qc2 Nd4
47. Qc3 Qxa2 48. Kg2 Qb3 49. Qc1 Rc7 50. Be5 Rf7 51. Qh6 Rdf8 52. f3 Qa2+ 53.
Kh3 Qa5 54. Rc1 Qa2 55. Qh5 Qd2 56. Rc2 Qa5 57. Ra2 0-1

[Event "18th American Continental"]
[Site "Foz do Iguacu BRA"]
[Date "2025.05.25"]
[Round "4.81"]
[White "Raimundo, Airton Carlos Nunes"]
[Black "Conor, Gilberto Bordignon"]
[Result "1-0"]
[WhiteElo "1975"]
[BlackElo "1813"]
[WhiteFideId "2114526"]
[BlackFideId "22782770"]
[EventDate "2025.05.23"]

1. e4 c5 2. Nc3 e6 3. Nf3 Nc6 4. d4 cxd4 5. Nxd4 a6 6. Be2 Bb4 7. O-O Nf6 8.
Nxc6 bxc6 9. e5 Bxc3 10. bxc3 Nd5 11. Qd4 O-O 12. Ba3 Re8 13. c4 Ne7 14. g4 Ng6
15. f4 Qh4 16. Bd6 c5 17. Qe4 Rb8 18. Rab1 f5 19. gxf5 exf5 20. Qxf5 Rb7 21.
Rxb7 Bxb7 22. Qxd7 Rd8 23. Qxb7 Nxf4 24. Qf3 g5 25. Bd3 1-0

[Event "18th American Continental"]
[Site "Foz do Iguacu BRA"]
[Date "2025.05.25"]
[Round "4.82"]
[White "Sanchez Tobar, Francisca Valenti"]
[Black "Da Silva, Joao Carlos Orguim"]
[Result "0-1"]
[WhiteTitle "WFM"]
[WhiteElo "1964"]
[BlackElo "1809"]
[WhiteFideId "3431304"]
[BlackFideId "2121654"]
[EventDate "2025.05.23"]

1. e4 c5 2. Nf3 g6 3. d4 cxd4 4. Qxd4 Nf6 5. e5 Nc6 6. Qh4 Nxe5 7. Nxe5 Qa5+ 8.
Nc3 Qxe5+ 9. Be2 a6 10. O-O Bg7 11. Be3 O-O 12. Rad1 d6 13. Bf3 Be6 14. Rfe1 Qa5
15. a3 Qc7 16. Na4 Rac8 17. Nb6 Rb8 18. c4 Rfe8 19. b4 Nd7 20. Nxd7 Bxd7 21. c5
Be5 22. Rc1 Bc6 23. Bh6 d5 24. Rxe5 Qxe5 25. Bf4 Qb2 26. Re1 e5 27. Bg5 Qc3 28.
Rd1 Re6 29. h3 e4 30. Bg4 f5 31. Be2 Qg7 32. g4 Rf8 33. Bh6 Qf6 34. g5 Qb2 35.
Bf1 Rfe8 36. Qf4 Qe5 37. Qc1 R6e7 38. Qc2 Rd7 39. a4 d4 40. b5 axb5 41. axb5 d3
42. Qa4 Bd5 43. Re1 Qc3 44. Qd1 Qxc5 45. Bxd3 Red8 46. Qc2 Qxc2 47. Bxc2 Bc4 48.
b6 0-1

[Event "18th American Continental"]
[Site "Foz do Iguacu BRA"]
[Date "2025.05.25"]
[Round "4.83"]
[White "Bucci, Andrea Vidigal"]
[Black "Bail, Ellen Larissa"]
[Result "0-1"]
[WhiteElo "1791"]
[BlackElo "1964"]
[WhiteFideId "2115921"]
[BlackFideId "2142171"]
[EventDate "2025.05.23"]

1. e4 c6 2. d3 d5 3. Nd2 Qc7 4. Ngf3 Bg4 5. Be2 Nd7 6. O-O e6 7. exd5 cxd5 8.
Nd4 Bxe2 9. Nxe2 Bd6 10. f4 Ngf6 11. Nf3 Qb6+ 12. Kh1 Ng4 13. Qe1 O-O-O 14. Bd2
h6 15. Ba5 Qe3 16. Bxd8 Rxd8 17. h3 h5 18. Nfd4 Bxf4 19. Rxf4 e5 20. Rf3 Qg5 21.
Nf5 Ndf6 22. Qa5 e4 23. dxe4 Nxe4 24. Rc3+ Nxc3 25. Qxc3+ Kb8 26. hxg4 hxg4 27.
Qe5+ Ka8 28. Qf4 Rh8+ 29. Kg1 Qh5 30. Kf2 g5 31. Qd4 Re8 32. Rh1 Qxh1 33. Nfg3
Qh6 34. Qxg4 Qf6+ 35. Qf5 Qb6+ 36. Kf3 f6 37. Qxd5 Qxb2 38. Qd4 Qxa2 39. Qxf6
Qxc2 40. Qxg5 Qc6+ 41. Kf2 Qb6+ 42. Kf3 a5 43. Ne4 a4 44. N4c3 a3 45. Qd5 Qf6+
46. Kg3 Re3+ 47. Kg4 Re5 48. Qg8+ Ka7 49. Nf4 Ra5 50. Nfd5 Qd4+ 51. Kh3 a2 52.
Nc7 Qxc3+ 0-1

[Event "18th American Continental"]
[Site "Foz do Iguacu BRA"]
[Date "2025.05.25"]
[Round "4.84"]
[White "Ramos, Beny Irwing Pankiewicz"]
[Black "Cezar, Ricardo De Almeida"]
[Result "0-1"]
[WhiteElo "1773"]
[BlackElo "1962"]
[WhiteFideId "22725270"]
[BlackFideId "2172968"]
[EventDate "2025.05.23"]

1. d4 d5 2. c4 e6 3. Nf3 c6 4. e3 Nf6 5. Nc3 Nbd7 6. b3 Bb4 7. Bd2 O-O 8. a3 Bd6
9. Be2 Qe7 10. cxd5 exd5 11. a4 Ne4 12. O-O Ndf6 13. h3 Bf5 14. Nh2 Qe6 15. Bf3
Nxd2 16. Qxd2 Bxh3 17. Rfe1 Bf5 18. Qe2 Ne4 19. Nxe4 dxe4 20. Bg4 Bxh2+ 21. Kxh2
Bxg4 22. f3 Qd6+ 23. Kg1 exf3 24. gxf3 Qg3+ 25. Kf1 Bh3+ 0-1

[Event "18th American Continental"]
[Site "Foz do Iguacu BRA"]
[Date "2025.05.25"]
[Round "4.85"]
[White "Da Luz, Felipe Garcia"]
[Black "Serafim Junior, Arnor"]
[Result "1/2-1/2"]
[WhiteElo "1961"]
[BlackElo "1804"]
[WhiteFideId "2158809"]
[BlackFideId "2130750"]
[EventDate "2025.05.23"]

1. e4 c5 2. Nc3 Nc6 3. f4 g6 4. Nf3 Bg7 5. Bc4 e6 6. O-O Nge7 7. Qe1 O-O 8. d3
a6 9. a4 b6 10. Qh4 d5 11. Bb3 Nd4 12. Nxd4 cxd4 13. Ne2 dxe4 14. dxe4 Nc6 15.
Qh3 Na5 16. Ba2 Bd7 17. Ng3 Rc8 18. f5 exf5 19. exf5 Nc4 20. Bh6 Qf6 21. Bxg7
Kxg7 22. Ne4 Bxf5 23. Nxf6 Bxh3 24. gxh3 Ne3 25. Nd7 Nxf1 26. Nxf8 Ne3 27. Nd7
Rxc2 28. Nxb6 d3 29. Nd5 d2 30. Nxe3 Rc1+ 31. Kf2 Rxa1 32. Bd5 Rb1 33. Ke2 Rxb2
34. Bb3 1/2-1/2

[Event "18th American Continental"]
[Site "Foz do Iguacu BRA"]
[Date "2025.05.25"]
[Round "4.86"]
[White "De Andrade, Arthur Batuli"]
[Black "Andrade, Roberto Luiz Costa"]
[Result "0-1"]
[BlackTitle "FM"]
[WhiteElo "1646"]
[BlackElo "1959"]
[WhiteFideId "22789820"]
[BlackFideId "2101521"]
[EventDate "2025.05.23"]

1. e4 c5 2. Nf3 a6 3. c3 g6 4. d4 cxd4 5. cxd4 Bg7 6. Nc3 d6 7. h3 Nf6 8. Bd3
O-O 9. O-O Nc6 10. Be3 Bd7 11. a3 Rc8 12. Rc1 Na5 13. Ne2 d5 14. e5 Ne4 15. Nf4
e6 16. Nd2 Rxc1 17. Qxc1 Nxd2 18. Bxd2 Nb3 19. Qc3 Nxd2 20. Qxd2 Bh6 21. Qe3 Qh4
22. g3 Bxf4 23. gxf4 Rc8 24. Qg3 Qe7 25. Qg5 Qxg5+ 26. fxg5 Bb5 27. Rd1 Bxd3 28.
Rxd3 Rc2 29. b4 Kf8 30. Kg2 Ke8 31. Kf3 Kd7 32. Ke3 Rc1 33. Kd2 Rg1 34. Rg3 Ra1
35. Rc3 Ra2+ 36. Ke3 Kd8 37. Kf3 Ra1 38. Ke2 Rg1 39. Rg3 Rc1 40. Kd2 Rc4 41. Rd3
Ke7 42. Ke3 Kf8 43. Kf4 Kg7 44. Kg3 h6 45. h4 Rc1 46. Kg2 Kh7 47. Rf3 Rc7 48.
Kg3 Kg7 49. Rd3 Rc1 50. Kg2 hxg5 51. hxg5 Kf8 52. Kh2 Ke8 53. Kg2 Kd8 54. Kh2
Kc8 55. Rf3 Rc7 56. Kg2 Kb8 57. a4 Kc8 58. b5 axb5 59. axb5 b6 60. Kg3 Kd8 61.
Kg2 Ke8 62. Rd3 Rc4 63. f3 Rb4 64. Kf2 Rxb5 65. Rc3 Ra5 66. Rb3 Ra6 67. Ke3 Kd8
68. Rc3 Kd7 69. Kd3 Ra7 70. Rb3 Kc6 71. f4 Ra1 72. Rc3+ Kb7 73. Kc2 Rf1 74. Rg3
Rxf4 75. Kd3 Ka6 76. Rg2 Rf3+ 77. Ke2 Rf4 78. Kd3 b5 79. Kc3 Rf5 80. Ra2+ Kb6
81. Ra8 Rf3+ 82. Kb4 Rd3 83. Rb8+ Kc6 84. Rxb5 Rxd4+ 85. Ka5 Re4 86. Rb6+ Kc7
87. Ra6 Rxe5 88. Ra7+ Kd6 89. Rxf7 Rxg5 90. Kb4 Rg3 91. Rg7 e5 92. Rg8 e4 93.
Rd8+ Ke5 94. Re8+ Kd4 95. Rf8 Rg1 96. Kb3 Kd3 97. Kb2 d4 98. Rf2 e3 99. Rf3 Ke2
100. Rf4 d3 101. Rh4 d2 102. Rh2+ Kd3 103. Ka2 d1=Q 0-1

[Event "18th American Continental"]
[Site "Foz do Iguacu BRA"]
[Date "2025.05.25"]
[Round "4.87"]
[White "Kaneda, Eric Kazuichi"]
[Black "Boghi, Victor Almeida"]
[Result "1-0"]
[WhiteElo "1949"]
[BlackElo "1786"]
[WhiteFideId "2141337"]
[BlackFideId "2179067"]
[EventDate "2025.05.23"]

1. d4 Nf6 2. Nf3 g6 3. Nbd2 Bg7 4. e4 d6 5. Bd3 O-O 6. O-O Nc6 7. Bb5 Bd7 8. c4
e5 9. d5 Ne7 10. Bxd7 Nxd7 11. b4 f5 12. Ng5 Qc8 13. Ne6 Rf7 14. Qc2 Nf8 15.
Nxg7 Rxg7 16. f4 Nd7 17. Bb2 Rf7 18. fxe5 Nxe5 19. Nf3 Nxf3+ 20. Rxf3 Qd7 21.
Qc3 Kf8 22. exf5 gxf5 23. Qh8+ 1-0

[Event "18th American Continental"]
[Site "Foz do Iguacu BRA"]
[Date "2025.05.25"]
[Round "4.88"]
[White "Pereira Fo, Hildebrando Apolonio"]
[Black "Hernandez Bermudez, Manuela"]
[Result "0-1"]
[BlackTitle "WFM"]
[WhiteElo "1620"]
[BlackElo "1947"]
[WhiteFideId "2139510"]
[BlackFideId "4483103"]
[EventDate "2025.05.23"]

1. c4 e5 2. Nc3 Nf6 3. d3 Bb4 4. Bd2 O-O 5. Nf3 Re8 6. e4 c6 7. Be2 d5 8. cxd5
cxd5 9. exd5 Nxd5 10. O-O Nc6 11. a3 Bf8 12. Rc1 Bf5 13. Ne4 Qb6 14. Rc2 Rad8
15. Qc1 Bg4 16. Be3 Nxe3 17. Qxe3 Qb3 18. Rfc1 Bxf3 19. gxf3 Nd4 20. Rd2 Re6 21.
h3 Nf5 22. Qxa7 Ra6 23. Nc5 Bxc5 24. Qxc5 Rc6 25. Rc3 Qe6 26. Qa5 Rcd6 27. Kh2
Qh6 28. Rc4 b6 29. Qc3 Nd4 30. Bd1 Qf4+ 31. Kh1 Rh6 32. Rxd4 exd4 0-1

[Event "18th American Continental"]
[Site "Foz do Iguacu BRA"]
[Date "2025.05.25"]
[Round "4.89"]
[White "Nunes, Agatha Hurba"]
[Black "Montevilla C., Elias Alejandro"]
[Result "1/2-1/2"]
[WhiteTitle "WFM"]
[WhiteElo "1947"]
[BlackElo "1769"]
[WhiteFideId "2114852"]
[BlackFideId "3322211"]
[EventDate "2025.05.23"]

1. c4 Nf6 2. Nc3 e5 3. Nf3 e4 4. Ng5 Qe7 5. d3 exd3 6. Qxd3 Nc6 7. Nb5 d6 8. Be3
Be6 9. Nxe6 fxe6 10. g3 a6 11. Nc3 g6 12. Bd2 Bg7 13. Bh3 Kf7 14. O-O Rhe8 15.
Rad1 Ne5 16. b3 a5 17. Bg2 Reb8 18. h3 Nfd7 19. Ne4 h6 20. g4 Nf6 21. Bc3 Nxe4
22. Bxe4 Nd7 23. Qf3+ Kg8 24. Bxg7 Kxg7 25. Bxb7 Ne5 26. Qg2 Ra7 27. Be4 a4 28.
f4 Nd7 29. Qf2 Ra5 30. Bc2 axb3 31. axb3 Ra2 32. Bb1 Rb2 33. Qd4+ Qf6 34. g5
Qxd4+ 35. Rxd4 Rxe2 36. gxh6+ Kxh6 37. Rd3 Nc5 38. Rg3 Rxb3 39. Rxg6+ Kh5 40.
Rg5+ Kh4 41. Bg6 Rg3+ 42. Rxg3 Kxg3 43. Bh5 Rg2+ 44. Kh1 Rh2+ 45. Kg1 Rxh3 46.
Rf3+ Kh4 47. Rxh3+ Kxh3 48. Kf2 Kh4 49. Be2 e5 50. fxe5 dxe5 51. Ke3 Kg5 52. Bf3
Kf5 53. Bd5 Nd7 54. Bb7 Ke6 55. Bc8 Kd6 56. Ke4 Nc5+ 57. Ke3 Nd7 58. Ke4 Nb6 59.
Ba6 Kc5 60. Kxe5 Nxc4+ 61. Ke4 Kb4 62. Kd4 c5+ 63. Kd3 Na3 64. Kd2 c4 65. Bxc4
Nxc4+ 1/2-1/2